Statistics for Soccer team by City #1

Click here to take the quiz!

General Stats

  • This quiz has been taken 66 times
  • The average score is 18 of 21

Answer Stats

TeamCity% Correct
PSGParis
97%
JuventusTurin
97%
AjaxAmsterdam
95%
FC BayernMunich
95%
Everton FCLiverpool
94%
_____ GalaxyLos Angeles
94%
LazioRome
94%
Hertha ____Berlin
92%
BenficaLisbon
91%
EspanyolBarcelona
89%
CelticGlasgow
89%
Boca JuniorsBuenos Aires
86%
GalatasarayIstanbul
86%
ZenitSt. Petersburg
86%
Club AméricaMexico City
81%
Aston VillaBirmingham
78%
AnderlechtBrussels
73%
Real BetisSeville
73%
PalmeirasSao Paulo
59%
AtalantaBergamo
56%
Schalke 04Gelsenkirchen
52%

Score Distribution

Percentile by Number Answered

Percent of People with Each Score

Your Score History

You have not taken this quiz